Normal view
MARC view
- Fantasy
Entry Topical Term
001 - CONTROL NUMBER
- control field: 114476
003 - CONTROL NUMBER IDENTIFIER
- control field: NUST
005 - DATE AND TIME OF LATEST TRANSACTION
- control field: 20230907151728.0
008 - FIXED-LENGTH DATA ELEMENTS
- fixed length control field: 230907|| aca||aabn | a|a d
040 ## - CATALOGING SOURCE
- Original cataloging agency: NUST
- Transcribing agency: NUST
150 ## - HEADING--TOPICAL TERM
- Topical term or geographic name entry element: Fantasy
- Topical term or geographic name entry element: Animals
- Topical term or geographic name entry element: Imaginary places
670 ## - SOURCE DATA FOUND
- Source citation: Work cat.: (NUST): Carroll, Lewis 57975, Alice's adventures in Wonderland/, 2013.
